| 000 | 00686cam a22001931 4500 | ||
|---|---|---|---|
| 082 |
_a510.246213 _bNUN _cL-1;P-3 |
||
| 100 | 1 |
_aNunz, Gregory J. _939050 |
|
| 245 | 1 | 0 |
_aElectronics mathematics _c[by] Gregory J. Nunz and William L. Shaw. |
| 260 |
_aNew York, _bMcGraw-Hill _c[c1967] |
||
| 300 |
_a2 v. in 1 _billus. _c23 cm. |
||
| 505 | 1 | _av. 1. Arithmetic and algebra.-v. 2. Algebra, trigonometry, and calculus. | |
| 526 |
_a0 _b0 _c0 _d510_246213000000000_NUN |
||
| 526 |
_a0 _b0 _c0 _d510_246213000000000_NUN |
||
| 526 |
_a0 _b0 _c0 _d510_246213000000000_NUN |
||
| 650 | 0 |
_aElectronics _xMathematics. _939051 |
|
| 650 | 0 |
_aMCE _9379 |
|
| 700 | 1 |
_aShaw, William L., _939052 |
|
| 942 |
_2ddc _cBK |
||
| 999 |
_c543623 _d543623 |
||